Traitor, spy, revolutionary, or adventurer? a remarkable Czech-Cuban life story in the midst of the Cold War : [abstract] /

Elmentve itt :
Bibliográfiai részletek
Szerző: Bortlová-Vondráková Hana
Testületi szerző: IV. South America International Conference
Dokumentumtípus: Könyv része
Megjelent: Hispanisztika Alapítvány Szeged 2024
Sorozat:South America International Conference 4
Kulcsszavak:Zdeněk Matoušek - előadáskivonat, Forradalmár - csehszlovák - Kuba - 20. sz. - előadáskivonat
Tárgyszavak:
Online Access:http://acta.bibl.u-szeged.hu/86423
LEADER 01100naa a2200241 i 4500
001 acta86423
005 20250213083028.0
008 250211s2024 hu o 100 eng d
020 |a 978-615-01-9868-2 
040 |a SZTE Egyetemi Kiadványok Repozitórium  |b hun 
041 |a eng 
100 2 |a Bortlová-Vondráková Hana 
245 1 0 |a Traitor, spy, revolutionary, or adventurer?   |h [elektronikus dokumentum] :  |b a remarkable Czech-Cuban life story in the midst of the Cold War : [abstract] /  |c  Bortlová-Vondráková Hana 
260 |a Hispanisztika Alapítvány  |b Szeged  |c 2024 
300 |a 14 
490 0 |a South America International Conference  |v 4 
650 4 |a Társadalomtudományok 
650 4 |a Politikatudomány 
650 4 |a Bölcsészettudományok 
650 4 |a Történettudomány és régészet 
695 |a Zdeněk Matoušek - előadáskivonat, Forradalmár - csehszlovák - Kuba - 20. sz. - előadáskivonat 
711 |a IV. South America International Conference  |c Budapest  |d 2024. március 7-9. 
856 4 0 |u http://acta.bibl.u-szeged.hu/86423/1/south_america_ic_004_014.pdf  |z Dokumentum-elérés